Miasta w województwie lubuskim - Statystyki

Ogólne statystyki
  • Ten quiz został rozwiązany 2 630 razy
  • Średni wynik to 22 z 42
Statystyki odpowiedzi
Miasto Liczba ludności % Poprawnych
Gorzów Wielkopolski 123 911
99%
Zielona Góra 138 898
99%
Żary 38 197
85%
Nowa Sól 39 459
83%
Świebodzin 21 981
81%
Żagań 26 200
81%
Międzyrzecz 18 326
75%
Kostrzyn nad Odrą 18 023
70%
Słubice 16 895
70%
Krosno Odrzańskie 11 597
66%
Gubin 16 778
63%
Sulechów 17 147
63%
Sulęcin 10 237
61%
Wschowa 14 187
60%
Drezdenko 10 333
56%
Strzelce Krajeńskie 10 109
53%
Rzepin 6 647
49%
Szprotawa 12 136
48%
Babimost 3 950
47%
Bytom Odrzański 4 368
47%
Lubsko 14 276
45%
Zbąszynek 5 022
44%
Skwierzyna 9 768
43%
Kożuchów 9 564
42%
Torzym 2 583
42%
Nowogród Bobrzański 5 143
41%
Ośno Lubuskie 3 904
41%
Sława 4 316
41%
Iłowa 3 977
38%
Cybinka 2 786
37%
Nowe Miasteczko 2 839
36%
Szlichtyngowa 1 313
36%
Witnica 6 864
36%
Czerwieńsk 4 110
35%
Kargowa 3 773
35%
Dobiegniew 3 094
34%
Jasień 4 389
33%
Łęknica 2 529
33%
Lubniewice 2 058
31%
Trzciel 2 458
29%
Gozdnica 3 192
26%
Małomice 3 547
26%
Nie znaleziono quizów pasujących do podanych kryteriów
Rozkład punktacji
Procent ludzi z każdym wynikiem
Percentyl według liczby udzielonych odpowiedzi
Twoja historia wyników
Nie rozwiązałeś tego quizu